|
|
|
|
| LEADER |
00000nab a2200000 a 4500 |
| 001 |
vtls001496629 |
| 003 |
SK-MaSNL |
| 005 |
20260304145511.0 |
| 008 |
250505c2004 xo er p 000 00slo |
| 015 |
|
|
|a SVKPORB2005/02
|
| 035 |
|
|
|a (uuid)e87bec7a-560c-4a6b-bc69-4eb4c971bbe3
|
| 035 |
|
|
|a urn:nbn:sk:snk-abd4uv
|
| 035 |
|
|
|a (urnnbn)urn:nbn:sk:snk:ar-002811
|
| 040 |
|
|
|a SNKBUCL
|b slo
|c SNKBUCL
|e AACR2
|
| 041 |
0 |
|
|a slo
|
| 044 |
|
|
|a xo
|c SK
|
| 080 |
|
|
|a 316.022.4(437.6)-051
|2 1997
|
| 080 |
|
|
|a 718
|2 1997
|
| 080 |
|
|
|a 929
|2 1997
|
| 100 |
1 |
|
|a Krajňák, Peter,
|d 1981-
|4 aut
|9 323070
|
| 245 |
1 |
0 |
|a Na prešovskom mestskom cintoríne-
|c Peter Krajňák, ml.
|
| 300 |
|
|
|b Fotogr.
|
| 610 |
2 |
7 |
|a Centrálny mestský cintorín (Prešov, Slovensko)
|2 svkpocl
|9 1468419
|
| 650 |
0 |
7 |
|a Rusíni
|z Slovensko
|2 svkpocl
|9 336690
|
| 650 |
0 |
7 |
|a rusínske osobnosti
|2 svkpocl
|9 1468420
|
| 651 |
|
7 |
|a Prešov (Slovensko)
|2 svkpocl
|9 17347
|
| 773 |
0 |
|
|t Slovo : časopis gréckokatolíckej cirkvi
|g Roč. XXXVI, č. 23 (2004), s. 15
|x 1335-7492
|
| 850 |
|
|
|a Slovenská národná knižnica
|
| 852 |
|
|
|a Slovenská národná knižnica
|
| 954 |
|
|
|a odborná, vedecká literatúra pôvodná (slovenská)
|2 lita
|
| 958 |
|
|
|a article17
|
| 958 |
|
|
|a BX
|
| 958 |
|
|
|a NT
|
| 958 |
|
|
|a RN
|
| 958 |
|
|
|a SK
|
| 958 |
|
|
|a OND
|
| 958 |
|
|
|a EUIPO
|
| 999 |
|
|
|c 2935811
|d 2937741
|